00000000nam 2200000zi 4500
0019.945340
003CaOODSP
00520250110150216
006m     o  d f      
007cr bn|||||||||
008241119t20252025onc     oz   f000 0 eng d
020 |a9780660745787
040 |aCaOODSP|beng|erda|cCaOODSP
0410 |aeng|afre
043 |an-cn---
0861 |aFR4-2017/33-PDF
1300 |aInternational Convention for the Control and Management of Ships' Ballast Water and Sediments, 2004 |d(2004 February 13)
24510|aNavigation / International Convention for the Control and Management of Ships' Ballast Water and Sediments, 2004 = |bNavigation / Convention internationale de 2004 pour le contrôle et la gestion des eaux de ballast et sédiments des navires.
24631|aNavigation / Convention internationale de 2004 pour le contrôle et la gestion des eaux de ballast et sédiments des navires
264 1|a[Ottawa] : |bTreaty Law Division of the Department of Foreign Affairs, Trade and Development = Direction du droit des traités du Ministère des affaires étrangères, du commerce et du développement, |c[2025]
264 4|c©2025
300 |a1 online resource (49, 49 pages).
336 |atext|btxt|2rdacontent
337 |acomputer|bc|2rdamedia
338 |aonline resource|bcr|2rdacarrier
4901 |aTreaty series = |aRecueil des traités ; |v2017/33
500 |a"Adopted at London on 13 February 2004. In Force on 8 September 2017. In Force for Canada on 8 September 2017."
500 |aAlternate pages have duplicate numbering.
546 |aText in English and French.
650 0|aDischarge of ballast water|xLaw and legislation.
651 0|aCanada|xForeign relations|vTreaties.
655 7|aTreaties|2lcgft
7101 |aCanada. |bGlobal Affairs Canada. |bTreaty Law Division, |eissuing body.
7101 |aCanada, |eparticipant in treaty.
788 |tNavigation / International Convention for the Control and Management of Ships' Ballast Water and Sediments, 2004 = |efre|w(CaOODSP)9.945345
830#0|aCanada treaty series ;|v2017/33.|w(CaOODSP)9.811730
85640|qPDF|s1.75 MB|uhttps://publications.gc.ca/collections/collection_2025/amc-gac/FR4-2017-33.pdf